书目信息 |
| 题名: |
苏宁
|
|
| 作者: | 王嘉翔 著 | |
| 分册: | ||
| 出版信息: | 长春 吉林文史出版社 2012 |
|
| 页数: | 126页 | |
| 开本: | 22cm | |
| 丛书名: | 《100位新中国成立以来感动中国人物》丛书 | |
| 单 册: | ||
| 中图分类: | K825.2=75 , K825.2 | |
| 科图分类: | ||
| 主题词: | ||
| 电子资源: | ||
| ISBN: | 978-7-5472-1119-9 | |
| 000 | 00708oam2 2200241 450 | |
| 001 | 2340354377 | |
| 005 | 20231129020404.43 | |
| 010 | @a978-7-5472-1119-9@dCNY29.80 | |
| 100 | @a20141209d2012 em y0chiy50 ea | |
| 101 | 0 | @achi |
| 102 | @aCN@b220000 | |
| 105 | @aac z 000yb | |
| 200 | 1 | @a苏宁@Asu ning@f王嘉翔著 |
| 210 | @a长春@c吉林文史出版社@d2012 | |
| 215 | @a126页@c肖像,照片@d22cm | |
| 225 | 2 | @@a《100位新中国成立以来感动中国人物》丛书 |
| 410 | 0 | @12001 @a《100位新中国成立以来感动中国人物》丛书 |
| 600 | 0 | @a苏宁@f(1953-1991)@x生平事迹 |
| 690 | @aK825.2=75@v5 | |
| 690 | @aK825.2@v4 | |
| 701 | 0 | @a王嘉翔@Awang jia xiang@4著 |
| 801 | 0 | @aCN@b91MARC@c20150426 |
| 905 | @aZUCC@dK825.2@e384 | |
| 苏宁/王嘉翔著.-长春:吉林文史出版社,2012 |
| 126页:肖像,照片;22cm.-(《100位新中国成立以来感动中国人物》丛书) |
| ISBN 978-7-5472-1119-9:CNY29.80 |
| ● |
| 相关链接 |
|
|
|
正题名:苏宁
索取号:K825.2/384
 
预约/预借
| 序号 | 登录号 | 条形码 | 馆藏地/架位号 | 状态 | 备注 |
| 1 | 2000999167 | 2000999167 | 第四书库/四033架A面4层4列/ [索取号:K825.2/384] | 在馆 | |
| 2 | 2000999168 | 2000999168 | 第四书库/四033架A面4层4列/ [索取号:K825.2/384] | 在馆 | |
| 3 | 2000999169 | 2000999169 | 第四书库/四033架A面4层4列/ [索取号:K825.2/384] | 在馆 | |
| 4 | 2000999170 | 2000999170 | 第四书库/四033架A面4层4列/ [索取号:K825.2/384] | 在馆 | |
| 5 | 2000999171 | 2000999171 | 第四书库/四033架A面4层4列/ [索取号:K825.2/384] | 在馆 | |
| 6 | 2000999172 | 2000999172 | 第四书库/四033架A面4层4列/ [索取号:K825.2/384] | 在馆 |